Communal Dining in the Roman West : Private Munificence Towards Cities and Associations in the First Three Centuries AD /
Communal Dining in in the Roman West explores why the practice of privately sponsored communal dining gained popularity in certain parts of the Western Roman Empire for almost 300 years. This book brings together 350 Latin inscriptions to examine the benefactors and beneficiaries, the geographical a...
المؤلف الرئيسي:
التنسيق: كتاب الكتروني
اللغة: English
منشور في:
Leiden ; Boston :
Brill,
2022.
سلاسل:
Mnemosyne, Supplements ;
457.
الموضوعات:
الوصول للمادة أونلاين: Login to view Source
الوسوم: إضافة وسم
رقم الطلب: D59
| LEADER | 02844nam a22004938i 4500 | ||
|---|---|---|---|
| 001 | BRILL9789004516878 | ||
| 003 | nllekb | ||
| 005 | 20230529205922.0 | ||
| 006 | m d | ||
| 007 | cr un uuuua | ||
| 008 | 220531s2022 ne sb 001 0 eng d | ||
| 020 | |a 9789004516878 |q (electronic book) | ||
| 020 | |a 9789004516861 |q (print) | ||
| 024 | 7 | |a 10.1163/9789004516878 |2 DOI | |
| 035 | |z (OCoLC)1303077700 | ||
| 040 | |a NL-LeKB |c NL-LeKB |e rda | ||
| 050 | 4 | |a D59 | |
| 072 | 7 | |a HBLA1 |2 bicssc | |
| 072 | 7 | |a HIS |x 002000 |2 bisacsh | |
| 072 | 7 | |a HIS |x 039000 |2 bisacsh | |
| 082 | 0 | 4 | |a 930 |2 23 |
| 100 | 1 | |a Wen, Shanshan, |e author. | |
| 245 | 1 | 0 | |a Communal Dining in the Roman West : |b Private Munificence Towards Cities and Associations in the First Three Centuries AD / |c Shanshan Wen. |
| 246 | 3 | |a Private Munificence Towards Cities and Associations in the First Three Centuries AD | |
| 264 | 1 | |a Leiden ; |a Boston : |b Brill, |c 2022. | |
| 300 | |a 1 online resource. | ||
| 336 | |a text |b txt |2 rdacontent | ||
| 337 | |a computer |b c |2 rdamedia | ||
| 338 | |a online resource |2 rdacarrier | ||
| 490 | 1 | |a Mnemosyne, Supplements ; |v 457 | |
| 500 | |a An investigation of the practice of privately sponsored communal dining in the Western Roman Empire and new insights into the regional variations and transformations of imperial society. | ||
| 504 | |a Includes bibliographical references and index. | ||
| 520 | |a Communal Dining in in the Roman West explores why the practice of privately sponsored communal dining gained popularity in certain parts of the Western Roman Empire for almost 300 years. This book brings together 350 Latin inscriptions to examine the benefactors and beneficiaries, the geographical and chronological distributions, and the relationship between public and collegial dining practices. It argues that food-related euergetism was a region-specific phenomenon which was rooted in specific social and political cultures in the communities of Italy, Baetica and Africa Proconsularis. The region-specific differences in political cultures and long-term changes in these cultures are key to understanding not only the long persistence of this practice but also its ultimate disappearance. | ||
| 559 | 4 | |a D59 | |
| 588 | |a Description based on print version record. | ||
| 650 | 0 | |a Roman Empire. | |
| 650 | 0 | |a History, Ancient. | |
| 650 | 0 | |a History. | |
| 776 | 0 | 8 | |i Print version: |t Communal Dining in the Roman West : Private Munificence Towards Cities and Associations in the First Three Centuries AD. |d Leiden ; Boston : Brill, 2022 |z 9789004516861 |
| 830 | 0 | |a Mnemosyne, Supplements ; |v 457. | |
| 856 | 4 | |z DOI: |u http://dx.doi.org/10.1163/9789004516878 | |
| 942 | |2 lcc |c EBOOK | ||
| 952 | |0 0 |1 0 |2 lcc |4 0 |6 D0059 |7 1 |9 47672 |a BRILL |b BRILL |d 2023-05-29 |l 0 |o D59 |r 2023-05-29 00:00:00 |w 2023-05-29 |y EBOOK | ||
| 999 | |c 53016 |d 53016 | ||
